000 00610nam a2200193 i 4500
001 14233
003 ES-MaACL
005 20230906150742.0
007 t|
008 981118s1987 pr ||||1| spa d
080 _a821.134.2(729.5)-14"19"
100 1 _aAlbert Robatto, Matilde.
_919328
245 1 0 _aTransparencias /
_cMatilde Albert Robatto.
250 _a1ª ed.
260 _aSan Juan, Puerto Rico :
_bMairena,
_c1987.
300 _a62 p. ;
_c21 cm.
852 _aES-MaACL
_jL-21570
_bR.125467
_q. - Ded. autógr. de la autora
852 _aES-MaACL
_jL-19067
_bR.125235
_q. - Ded. autógr. de la autora
999 _c14233
_d14233